[Event "IX Open Autunno"]
[Site "Robecchetto con Induno ITA"]
[Date "2012.10.04"]
[Round "1"]
[White "Castiglioni, Fabrizio"]
[Black "Macchiettini, Pierangelo"]
[WhiteElo "1512"]
[BlackElo "1712"]
[Result "1/2-1/2"]
[PlyCount "38"]
[EventDate "2012.10.04"]

1. e4 c5 2. Nf3 d6 3. d4 cxd4 4. Nxd4 Nf6 5. Nc3 a6 6. Bc4 e6 7. Be3 Be7 8. a4
Qc7 9. Bb3 Bd7 10. O-O O-O 11. f4 Nc6 12. f5 Nxd4 13. Bxd4 e5 14. Bf2 Bc6 15.
Re1 Rad8 16. Nd5 Bxd5 17. Bxd5 Rc8 18. c3 Nxd5 19. Qxd5 Qc6 1/2-1/2

[Event "IX Open Autunno"]
[Site "Robecchetto con Induno ITA"]
[Date "2012.10.04"]
[Round "1"]
[White "Colombo, Maurizio"]
[Black "Redamante, Marzio"]
[WhiteElo "1694"]
[BlackElo "1491"]
[Result "1-0"]
[PlyCount "67"]
[EventDate "2012.10.04"]

1. d4 d5 2. c4 e6 3. Nc3 Nf6 4. Bg5 Be7 5. e3 a6 6. Nf3 dxc4 7. Bxc4 b5 8. Bd3
Bb7 9. O-O Nbd7 10. Rc1 c5 11. dxc5 Bxc5 12. Be4 Bxe4 13. Nxe4 Be7 14. Nd6+
Bxd6 15. Qxd6 Qe7 16. Qc6 O-O 17. Rfd1 h6 18. Bh4 Rfd8 19. Bxf6 Nxf6 20. Rxd8+
Qxd8 21. h3 Nd5 22. a3 b4 23. Nd4 bxa3 24. bxa3 Nb6 25. Qb7 Nd5 26. Nc6 Qe8 27.
e4 Nf4 28. Kh2 Nd3 29. Rc4 Nxf2 30. Ne7+ Kh8 31. Nc8 Qb5 32. Qxa8 Qb1 33. Ne7+
Kh7 34. Qg8# 1-0

[Event "IX Open Autunno"]
[Site "Robecchetto con Induno ITA"]
[Date "2012.10.04"]
[Round "1"]
[White "Marchesotti, Giovanni"]
[Black "Libutti, Michele"]
[WhiteElo "1555"]
[BlackElo "1727"]
[Result "0-1"]
[PlyCount "78"]
[EventDate "2012.10.04"]

1. g3 Nf6 2. Bg2 d5 3. Nf3 g6 4. O-O Bg7 5. d3 O-O 6. Nbd2 c5 7. e4 Nc6 8. Re1
e6 9. c3 Qb6 10. Nf1 d4 11. cxd4 cxd4 12. N1d2 e5 13. Nc4 Qc7 14. b3 b5 15. Nb2
Bd7 16. Bd2 Rfc8 17. Qe2 Qd6 18. Rec1 Qa3 19. Rc2 Ne8 20. Bc1 Qd6 21. a4 a6 22.
Bd2 Be6 23. axb5 axb5 24. Rxa8 Rxa8 25. Qd1 Bxb3 26. Rxc6 Bxd1 27. Rxd6 Nxd6
28. Nxd1 Ra1 29. Kf1 Rxd1+ 30. Ke2 Rb1 31. Ba5 f6 32. Bh3 Kf7 33. Bd7 b4 34.
Nd2 Rb2 35. Kd1 Bh6 36. f4 exf4 37. Bc6 Rxd2+ 38. Kxd2 fxg3+ 39. Ke2 gxh2 0-1

[Event "IX Open Autunno"]
[Site "Robecchetto con Induno ITA"]
[Date "2012.10.04"]
[Round "1"]
[White "Moroni, Luca"]
[Black "Giusti, Francesco"]
[WhiteElo "1873"]
[BlackElo "1568"]
[Result "1-0"]
[PlyCount "85"]
[EventDate "2012.10.04"]

1. Nf3 Nf6 2. d4 c6 3. Bf4 d5 4. c3 g6 5. h3 Bg7 6. e3 Nh5 7. Bh2 O-O 8. Bd3
Qb6 9. Qb3 Qxb3 10. axb3 Nd7 11. b4 Nb6 12. Nbd2 Be6 13. O-O Nc4 14. Nxc4 dxc4
15. Bc2 a6 16. Rfe1 Ra7 17. Ng5 Bd7 18. Bd1 Rfa8 19. Bc7 b5 20. Bb6 Rb7 21. Bc5
Bf6 22. Nf3 Ng7 23. Bc2 Ne6 24. Red1 Nxc5 25. dxc5 Rba7 26. Ra5 e6 27. Nd4 Bd8
28. Ra2 a5 29. Rda1 a4 30. Be4 Rc8 31. Rd1 f5 32. Bxc6 e5 33. Bd5+ Kf8 34. Nc6
Bxc6 35. Bxc6 Rxc6 36. Rxd8+ Ke7 37. Rb8 Ke6 38. Rxb5 Kd5 39. Kf1 Ke4 40. Ke2
Rca6 41. Rb6 a3 42. bxa3 Rxa3 43. f3+ 1-0

[Event "IX Open Autunno"]
[Site "Robecchetto con Induno ITA"]
[Date "2012.10.04"]
[Round "1"]
[White "Ongaro, Andrea"]
[Black "Testa, Loris"]
[WhiteElo "1579"]
[BlackElo "1909"]
[Result "1/2-1/2"]
[PlyCount "47"]
[EventDate "2012.10.04"]

1. e4 e5 2. Nf3 Nc6 3. d4 exd4 4. Bc4 Be7 5. c3 dxc3 6. Nxc3 Nf6 7. e5 Ng4 8.
Bf4 d6 9. exd6 Bxd6 10. Bxd6 Qxd6 11. Qxd6 cxd6 12. O-O-O O-O 13. Rxd6 Nxf2 14.
Rf1 Ng4 15. Ng5 Nce5 16. Bxf7+ Nxf7 17. Nxf7 Ne5 18. Nd5 Nxf7 19. Ne7+ Kh8 20.
Rxf7 Bg4 21. Rxf8+ Rxf8 22. Kc2 g6 23. Rd2 Kg7 24. Kc3 1/2-1/2

[Event "IX Open Autunno"]
[Site "Robecchetto con Induno ITA"]
[Date "2012.10.04"]
[Round "1"]
[White "Santarelli, Sabatino"]
[Black "Minore, Antonino"]
[WhiteElo "1604"]
[BlackElo "1295"]
[Result "1-0"]
[PlyCount "79"]
[EventDate "2012.10.04"]

1. d4 e6 2. e4 d6 3. Nf3 Be7 4. Nc3 a6 5. Bd3 Nd7 6. O-O Nb6 7. h3 h6 8. Be3
Nd7 9. Qe2 Ngf6 10. Rad1 Nh7 11. e5 Ng5 12. Bf4 Nxf3+ 13. Qxf3 d5 14. Qg3 g5
15. Be3 Nf8 16. f4 f6 17. Qf3 h5 18. fxg5 f5 19. h4 Ng6 20. g3 c6 21. Ne2 Bd7
22. Nf4 Nf8 23. Nxh5 Rh7 24. Nf6+ Bxf6 25. gxf6 Kf7 26. Bg5 Ng6 27. h5 Nh8 28.
Rd2 Qg8 29. Bf4 Kf8 30. Rg2 Be8 31. g4 Ng6 32. gxf5 Nh4 33. Rxg8+ Kxg8 34. Qg4+
Kh8 35. h6 exf5 36. Qxh4 Bg6 37. e6 Rg8 38. Kf2 b5 39. Be5 Bf7 40. Bxf5 1-0

[Event "IX Open Autunno"]
[Site "Robecchetto con Induno ITA"]
[Date "2012.10.04"]
[Round "1"]
[White "Sigismondi, Piero"]
[Black "Ragoso, Mario"]
[WhiteElo "1416"]
[BlackElo "1661"]
[Result "1-0"]
[PlyCount "37"]
[EventDate "2012.10.04"]

1. d4 Nf6 2. Nf3 d6 3. Bf4 g6 4. Nc3 Bg7 5. Qd2 O-O 6. O-O-O Bd7 7. e4 c5 8.
dxc5 dxc5 9. e5 Ne8 10. Bh6 Qa5 11. h4 b5 12. Kb1 Be6 13. Bxg7 Kxg7 14. h5 Rh8
15. hxg6 b4 16. Qh6+ Kg8 17. gxh7+ Rxh7 18. Qxh7+ Kf8 19. Qh8# 1-0

[Event "IX Open Autunno"]
[Site "Robecchetto con Induno ITA"]
[Date "2012.10.04"]
[Round "1"]
[White "Volpe, Antonio"]
[Black "Ruggeri, Igor"]
[WhiteElo "1727"]
[BlackElo "1545"]
[Result "0-1"]
[PlyCount "90"]
[EventDate "2012.10.04"]

1. e4 c5 2. f4 d6 3. Nf3 Nf6 4. Nc3 g6 5. Bc4 Bg7 6. O-O O-O 7. d3 Nc6 8. a4 b6
9. Bd2 Bb7 10. f5 Kh8 11. Ng5 Ne5 12. Bb3 d5 13. Bf4 h6 14. Bxe5 hxg5 15. Qe2
gxf5 16. Bxf6 exf6 17. exd5 Qd7 18. Rae1 Rae8 19. Qh5+ Kg8 20. Re2 Rxe2 21.
Qxe2 Re8 22. Qf3 f4 23. Nd1 Re5 24. c4 Qe7 25. h3 f5 26. Kh2 Re2 27. Rf2 Re1
28. Rf1 Re2 29. Rf2 Re1 30. Nc3 Bd4 31. Rf1 Re3 32. Qd1 Qe5 33. Qd2 f3+ 34. Kh1
fxg2+ 35. Qxg2 Rg3 36. Qh2 Qe3 37. Nd1 Qxd3 38. Ne3 Qxe3 39. Qf2 Rxh3+ 40. Kg2
Qxf2+ 41. Rxf2 Rxb3 42. Rxf5 Rxb2+ 43. Kg3 f6 44. d6 Be5+ 45. Kg4 Bc8 0-1

[Event "IX Open Autunno"]
[Site "Robecchetto con Induno ITA"]
[Date "2012.10.11"]
[Round "2"]
[White "Giusti, Francesco"]
[Black "Marchesotti, Giovanni"]
[WhiteElo "1568"]
[BlackElo "1555"]
[Result "1-0"]
[PlyCount "63"]
[EventDate "2012.10.04"]

1. e4 c6 2. Nf3 d5 3. exd5 cxd5 4. d4 Nc6 5. Be2 e6 6. O-O Bd6 7. Nc3 a6 8. Re1
Nge7 9. a3 O-O 10. Bd3 Ng6 11. Ne2 Bd7 12. Ng3 Nce7 13. Nh5 f6 14. Qd2 Qc7 15.
c3 Rae8 16. g3 e5 17. dxe5 fxe5 18. Nxg7 Rxf3 19. Nxe8 Bxe8 20. Be2 Rf8 21. h4
e4 22. Qg5 Nf5 23. h5 Nxg3 24. hxg6 Nxe2+ 25. Rxe2 Bxg6 26. Qxd5+ Kh8 27. Be3
Rf5 28. Bd4+ Be5 29. Bxe5+ Rxe5 30. Qd4 Kg8 31. Rd2 Qf7 32. Qxe5 1-0

[Event "IX Open Autunno"]
[Site "Robecchetto con Induno ITA"]
[Date "2012.10.11"]
[Round "2"]
[White "Libutti, Michele"]
[Black "Santarelli, Sabatino"]
[WhiteElo "1727"]
[BlackElo "1604"]
[Result "1/2-1/2"]
[PlyCount "92"]
[EventDate "2012.10.04"]

1. d4 Nf6 2. c4 e6 3. Nc3 Bb4 4. e3 c5 5. Nf3 Nc6 6. Bd3 b6 7. O-O Bxc3 8. bxc3
d6 9. e4 e5 10. h3 Bd7 11. d5 Ne7 12. Nh4 Qc8 13. f4 Ng6 14. Nf5 Bxf5 15. exf5
Ne7 16. fxe5 dxe5 17. Qe2 O-O 18. Qxe5 Re8 19. Qg3 Kh8 20. Bg5 Neg8 21. Rfe1
Qd7 22. Rxe8 Rxe8 23. Re1 h6 24. Rxe8 Nxe8 25. Bf4 Nef6 26. Qe3 Nh5 27. Bh2
Nhf6 28. g4 Ne7 29. Be5 Neg8 30. Bf4 Kh7 31. Qe5 Qa4 32. Qe2 Qd7 33. Qe5 Qa4
34. Qe2 Qd7 35. h4 Kh8 36. g5 hxg5 37. hxg5 Nh7 38. g6 fxg6 39. fxg6 Nhf6 40.
Qh2+ Nh6 41. Bxh6 Qg4+ 42. Kh1 Qf3+ 43. Kg1 Qg4+ 44. Kh1 Qf3+ 45. Qg2 Qh5+ 46.
Qh2 Qf3+ 1/2-1/2

[Event "IX Open Autunno"]
[Site "Robecchetto con Induno ITA"]
[Date "2012.10.11"]
[Round "2"]
[White "Macchiettini, Pierangelo"]
[Black "Ongaro, Andrea"]
[WhiteElo "1712"]
[BlackElo "1579"]
[Result "0-1"]
[PlyCount "78"]
[EventDate "2012.10.04"]

1. d4 Nf6 2. c4 c5 3. d5 b5 4. Nc3 bxc4 5. e4 d6 6. Bxc4 g6 7. Nf3 Bg7 8. O-O
Nbd7 9. Bb5 O-O 10. Qc2 Ng4 11. Be2 Nge5 12. Nd2 Nb6 13. f4 Ned7 14. Nf3 Bb7
15. Nd2 Qc7 16. Nc4 Nxc4 17. Bxc4 a6 18. Be3 Nb6 19. Be2 Qd7 20. Bf3 Nc4 21.
Bf2 Rab8 22. Rab1 Qc7 23. Na4 Nb6 24. Nc3 Bc8 25. Ne2 Bd7 26. b4 c4 27. Nd4
Rfc8 28. Rfc1 Ba4 29. Qc3 Bd7 30. Qc2 Na4 31. Be2 Bb5 32. Nxb5 axb5 33. Qd1 Nc3
34. Rxc3 Bxc3 35. Bd4 Bxd4+ 36. Qxd4 Ra8 37. Rb2 Qa7 38. Qxa7 Rxa7 39. a4 Rca8
0-1

[Event "IX Open Autunno"]
[Site "Robecchetto con Induno ITA"]
[Date "2012.10.11"]
[Round "2"]
[White "Minore, Antonino"]
[Black "Torretta, Gilberto"]
[WhiteElo "1295"]
[BlackElo "1675"]
[Result "1-0"]
[PlyCount "79"]
[EventDate "2012.10.04"]

1. b3 c5 2. Bb2 d5 3. e3 Nf6 4. Be2 Nc6 5. c3 e5 6. d3 Be6 7. Nd2 b5 8. a3 Bd6
9. Qc2 Rc8 10. O-O-O O-O 11. f3 Qa5 12. g4 b4 13. a4 bxc3 14. Bxc3 Nb4 15. Qb2
Rc7 16. h4 Rb8 17. h5 Nd7 18. Nh3 Nb6 19. Bxb4 cxb4+ 20. Kb1 Rc3 21. Ng5 Bd7
22. d4 f6 23. Nh3 Rbc8 24. e4 exd4 25. exd5 d3 26. Bxd3 Rxd3 27. g5 Be5 28. Qa2
Nxa4 29. bxa4 Ra3 30. d6+ Qd5 31. Qxd5+ Kh8 32. Nc4 Bf5+ 33. Kc1 Ra1+ 34. Kd2
Bc3+ 35. Ke2 Ra2+ 36. Kf1 g6 37. h6 b3 38. d7 Rd8 39. Qf7 fxg5 40. Qe8+ 1-0

[Event "IX Open Autunno"]
[Site "Robecchetto con Induno ITA"]
[Date "2012.10.11"]
[Round "2"]
[White "Redamante, Marzio"]
[Black "Volpe, Antonio"]
[WhiteElo "1491"]
[BlackElo "1727"]
[Result "1-0"]
[PlyCount "115"]
[EventDate "2012.10.04"]

1. c4 g6 2. Nc3 Bg7 3. g3 e6 4. Bg2 d6 5. Qc2 Ne7 6. d3 Nd7 7. Nf3 h6 8. O-O
O-O 9. d4 a6 10. e3 Rb8 11. b3 b6 12. Bb2 Bb7 13. Rfd1 Qe8 14. e4 f5 15. d5 e5
16. exf5 Nxf5 17. Re1 Nf6 18. Ne4 Qf7 19. Nxf6+ Bxf6 20. Bh3 Bc8 21. Bg2 Bd7
22. Rad1 Rbe8 23. Re2 Ng7 24. h3 Bf5 25. Qc1 g5 26. g4 Bg6 27. Qe3 Qe7 28. Nd2
h5 29. Ne4 hxg4 30. Nxf6+ Qxf6 31. hxg4 Re7 32. Bc1 Qf4 33. Qh3 Qf6 34. Qh6 Rd7
35. Bxg5 Qf7 36. Qh4 b5 37. Re3 Ne8 38. Rf3 Qg7 39. Bh6 Rxf3 40. Bxg7 Rxg7 41.
Bxf3 Bc2 42. Re1 Rg6 43. Be4 Bxe4 44. Rxe4 Nf6 45. f3 Kg7 46. Kf2 Rh6 47. Qg5+
Rg6 48. Qf5 Rh6 49. g5 Nxe4+ 50. Qxe4 Rh2+ 51. Kg3 Rxa2 52. Qf5 Ra1 53. Qd7+
Kg6 54. Qxc7 Kxg5 55. Qxd6 Rg1+ 56. Kf2 Rb1 57. Qxe5+ Kg6 58. Qe4+ 1-0

[Event "IX Open Autunno"]
[Site "Robecchetto con Induno ITA"]
[Date "2012.10.11"]
[Round "2"]
[White "Ruggeri, Igor"]
[Black "Moroni, Luca"]
[WhiteElo "1545"]
[BlackElo "1873"]
[Result "0-1"]
[PlyCount "90"]
[EventDate "2012.10.04"]

1. d4 c5 2. Nf3 cxd4 3. Nxd4 d6 4. g3 Nf6 5. Bg2 g6 6. O-O Bg7 7. c4 O-O 8. Nc3
a6 9. Rb1 Qc7 10. b3 Nc6 11. Nxc6 bxc6 12. Bb2 Be6 13. Qd2 Rac8 14. Ne4 Nxe4
15. Bxe4 Bxb2 16. Rxb2 Bh3 17. Rd1 c5 18. Qh6 Bd7 19. Qg5 Rce8 20. Rbd2 Bc6 21.
Bd5 Bxd5 22. Rxd5 Kg7 23. e4 h6 24. Qf4 f6 25. Qg4 Qa5 26. R1d2 Qc3 27. f4 Qe3+
28. Kf1 Qxe4 29. Re2 Qh1+ 30. Kf2 Qxh2+ 31. Kf3 Qh1+ 32. Kf2 f5 33. Qf3 Qxf3+
34. Kxf3 a5 35. g4 fxg4+ 36. Kxg4 Rf6 37. Rg2 Ref8 38. Rf2 h5+ 39. Kg3 e5 40.
Rf3 exf4+ 41. Kh4 Re8 42. Rdd3 Re2 43. a3 Kh6 44. Kh3 g5 45. Rf1 g4+ 0-1

[Event "IX Open Autunno"]
[Site "Robecchetto con Induno ITA"]
[Date "2012.10.11"]
[Round "2"]
[White "Sartorio, Alessandro"]
[Black "Colombo, Maurizio"]
[WhiteElo "1221"]
[BlackElo "1694"]
[Result "0-1"]
[PlyCount "94"]
[EventDate "2012.10.04"]

1. e4 c5 2. c4 Nc6 3. Nc3 d6 4. Nf3 Nf6 5. h3 g6 6. Be2 Bg7 7. O-O O-O 8. Re1
a6 9. Bf1 e6 10. d4 cxd4 11. Nxd4 Qc7 12. Nf3 Nd7 13. Bf4 Nde5 14. Nxe5 Nxe5
15. Qd2 Nxc4 16. Bxc4 Qxc4 17. Rac1 Qd4 18. Qxd4 Bxd4 19. Bxd6 Re8 20. e5 Bxc3
21. Rxc3 Bd7 22. Rd1 Rac8 23. Bc7 Bc6 24. Ba5 Bd5 25. Rxc8 Rxc8 26. b3 Rc2 27.
a3 Kg7 28. Bb4 f6 29. exf6+ Kxf6 30. Rd2 Rxd2 31. Bxd2 Bxb3 32. Kf1 Ke5 33.
Bc3+ Kd5 34. Ke2 Kc4 35. Bd2 Bc2 36. Ke3 Kb3 37. Bc1 b5 38. Kd2 a5 39. f4 b4
40. a4 Be4 41. g4 h5 42. g5 Kxa4 43. Bb2 Kb3 44. Ke3 Bf5 45. Kd4 Kxb2 46. Kc4
b3 47. Kb5 Kc3 0-1

[Event "IX Open Autunno"]
[Site "Robecchetto con Induno ITA"]
[Date "2012.10.18"]
[Round "3"]
[White "Minore, Antonino"]
[Black "Giusti, Francesco"]
[WhiteElo "1295"]
[BlackElo "1568"]
[Result "0-1"]
[PlyCount "72"]
[EventDate "2012.10.04"]

1. b3 d5 2. Bb2 e6 3. d4 Nc6 4. c3 Be7 5. Nd2 Nf6 6. f3 Nh5 7. g3 f5 8. Qc2 Qd6
9. O-O-O b5 10. f4 a5 11. e3 Ba6 12. Ngf3 Nf6 13. Be2 Ng4 14. Ne5 Nxe3 15. Qb1
Nxd1 16. Bh5+ g6 17. Bxd1 b4 18. c4 dxc4 19. Ndxc4 Bxc4 20. Nxc4 Qd5 21. Rf1
Nxd4 22. Qd3 Rd8 23. Qxd4 Qxd4 24. Bxd4 Rxd4 25. Nxa5 Rd5 26. Nc6 Rc5+ 27. Kb1
Rxc6 28. Be2 O-O 29. g4 Rd8 30. gxf5 exf5 31. Rh1 Rd2 32. Bb5 Rcc2 33. Bc4+ Kg7
34. Re1 Bf6 35. Rc1 Rxa2 36. Rd1 Ra1# 0-1

[Event "IX Open Autunno"]
[Site "Robecchetto con Induno ITA"]
[Date "2012.10.18"]
[Round "3"]
[White "Moroni, Luca"]
[Black "Colombo, Maurizio"]
[WhiteElo "1873"]
[BlackElo "1694"]
[Result "1-0"]
[PlyCount "117"]
[EventDate "2012.10.04"]

1. d4 d5 2. Nf3 Nf6 3. Bf4 c5 4. e3 Nc6 5. c3 Qb6 6. Qb3 c4 7. Qc2 Bf5 8. Qc1
h6 9. Nbd2 e6 10. Be2 Qd8 11. h3 Bd6 12. Bxd6 Qxd6 13. Bd1 b5 14. Bc2 Bxc2 15.
Qxc2 O-O 16. O-O Nd7 17. e4 b4 18. exd5 exd5 19. Rfe1 Rfe8 20. Nf1 bxc3 21.
bxc3 Rxe1 22. Rxe1 Nf6 23. Ng3 Re8 24. Rxe8+ Nxe8 25. Qa4 Nf6 26. Qb5 g6 27.
Qa6 Qe6 28. Qb5 Kg7 29. Qc5 Nd7 30. Qb5 Nf6 31. a4 a6 32. Qxa6 Nxd4 33. Qxe6
Nxf3+ 34. gxf3 fxe6 35. Kf1 Nd7 36. Ke2 Nc5 37. a5 Kf6 38. Ke3 e5 39. Ne2 Ke6
40. f4 Na6 41. fxe5 Kxe5 42. f4+ Kd6 43. h4 h5 44. Nd4 Nc5 45. Nf3 Nb3 46. a6
Kc7 47. Ne5 Kb6 48. Nxg6 Kxa6 49. Ne7 d4+ 50. cxd4 Kb7 51. Nd5 Kc6 52. Nc3 Kd6
53. Ke4 Nd2+ 54. Ke3 Nb3 55. f5 Nc1 56. Ke4 Nd3 57. d5 Nf2+ 58. Kd4 Nh1 59.
Ne4+ 1-0

[Event "IX Open Autunno"]
[Site "Robecchetto con Induno ITA"]
[Date "2012.10.18"]
[Round "3"]
[White "Ongaro, Andrea"]
[Black "Libutti, Michele"]
[WhiteElo "1579"]
[BlackElo "1727"]
[Result "1-0"]
[PlyCount "71"]
[EventDate "2012.10.04"]

1. e4 c6 2. d4 d5 3. exd5 cxd5 4. c4 Nf6 5. c5 Nc6 6. Bb5 e5 7. Nf3 Bg4 8.
Bxc6+ bxc6 9. dxe5 Ne4 10. Be3 Qa5+ 11. Nbd2 Bxc5 12. Bxc5 Qxc5 13. Nxe4 dxe4
14. Qd4 Qa5+ 15. b4 Qd5 16. Qxd5 cxd5 17. Nd4 O-O 18. Rc1 Rac8 19. Kd2 Rc4 20.
Rxc4 dxc4 21. Kc3 Re8 22. Kxc4 Rxe5 23. Re1 Bd7 24. b5 f5 25. a4 f4 26. a5 e3
27. fxe3 fxe3 28. b6 a6 29. b7 Re8 30. Rxe3 Rb8 31. Rb3 Kf7 32. Kc5 Ke7 33.
Nc6+ Bxc6 34. Kxc6 Kd8 35. Rd3+ Ke8 36. Kc7 1-0

[Event "IX Open Autunno"]
[Site "Robecchetto con Induno ITA"]
[Date "2012.10.18"]
[Round "3"]
[White "Ruggeri, Igor"]
[Black "Sartorio, Alessandro"]
[WhiteElo "1545"]
[BlackElo "1221"]
[Result "1-0"]
[PlyCount "113"]
[EventDate "2012.10.04"]

1. d4 Nf6 2. c4 g6 3. Nc3 d6 4. e4 Bg7 5. Nf3 O-O 6. g3 Re8 7. Bg2 Nbd7 8. O-O
e5 9. d5 c6 10. Bg5 Qb6 11. Rb1 Nc5 12. Re1 cxd5 13. Nxd5 Nxd5 14. cxd5 f5 15.
Nd2 Rf8 16. Be3 f4 17. Bxc5 dxc5 18. Nf3 Bg4 19. Qd3 fxg3 20. hxg3 Bxf3 21.
Bxf3 c4 22. Qe3 Qf6 23. Bg4 h5 24. Be6+ Kh8 25. Kg2 g5 26. Rh1 h4 27. Rbc1 b5
28. Rc2 Bh6 29. Bf5 Qg7 30. g4 Qc7 31. Rxh4 Rf6 32. Rh5 Qb6 33. Qh3 Kg7 34.
Rxg5+ Kf8 35. Rh5 Re8 36. g5 Rg6 37. Bxg6 Qxg6 38. Qf5+ Qxf5 39. exf5 Bg7 40.
f6 Kf7 41. Rh7 e4 42. Rxg7+ Kf8 43. Rh7 Re5 44. Rg7 Rxd5 45. Re2 Re5 46. Rd2
Ke8 47. Rdd7 Rxg5+ 48. Rxg5 Kxd7 49. Rxb5 Ke6 50. Rb4 Kxf6 51. Rxc4 Kf5 52. Ra4
Kf4 53. Rxa7 e3 54. Rf7+ Kg4 55. fxe3 Kg5 56. a4 Kg6 57. Rf2 1-0

[Event "IX Open Autunno"]
[Site "Robecchetto con Induno ITA"]
[Date "2012.10.18"]
[Round "3"]
[White "Santarelli, Sabatino"]
[Black "Testa, Loris"]
[WhiteElo "1604"]
[BlackElo "1909"]
[Result "0-1"]
[PlyCount "120"]
[EventDate "2012.10.04"]

1. d4 d5 2. Nf3 c6 3. c4 e6 4. Nc3 Nf6 5. Bg5 Nbd7 6. e3 Be7 7. Bd3 dxc4 8.
Bxc4 b5 9. Bd3 Bb7 10. O-O a6 11. Rc1 c5 12. a3 O-O 13. h3 c4 14. Bb1 Re8 15.
Bf4 Qb6 16. Qe2 Nd5 17. Nxd5 exd5 18. Ne5 Nxe5 19. Bxe5 Bf6 20. Bxf6 Qxf6 21.
Qh5 g6 22. Qh6 a5 23. h4 b4 24. h5 Qh4 25. g3 Qxh5 26. Qxh5 gxh5 27. Kg2 h4 28.
Rh1 Kg7 29. Rxh4 h6 30. Rch1 Re6 31. Rg4+ Kf8 32. Rgh4 Raa6 33. Rg4 bxa3 34.
bxa3 Rab6 35. Bh7 a4 36. Rg8+ Ke7 37. Rb8 Rb3 38. Bc2 Rb2 39. Bxa4 Rf6 40. Re8+
Kd6 41. Rf1 c3 42. Rd8+ Kc7 43. Re8 Ba6 44. Rc1 Rfxf2+ 45. Kh3 c2 46. Re7+ Kd6
47. Rd7+ Ke6 48. Rc7 Bd3 49. Rc6+ Kf5 50. g4+ Ke4 51. Rxh6 Rb1 52. Bxc2 Rxc1
53. Bxd3+ Kxd3 54. Kg3 Kxe3 55. Rd6 Rg1+ 56. Kh4 Kxd4 57. a4 Ra2 58. Rf6 Rxa4
59. Rxf7 Ke5 60. Rf5+ Ke6 0-1

[Event "IX Open Autunno"]
[Site "Robecchetto con Induno ITA"]
[Date "2012.10.18"]
[Round "3"]
[White "Sigismondi, Piero"]
[Black "Macchiettini, Pierangelo"]
[WhiteElo "1416"]
[BlackElo "1712"]
[Result "0-1"]
[PlyCount "50"]
[EventDate "2012.10.04"]

1. d4 d5 2. Nf3 Nf6 3. e3 c6 4. Bd3 e6 5. O-O Be7 6. b3 Nbd7 7. Bb2 Qc7 8. Nbd2
h6 9. c4 Bd6 10. Qe2 O-O 11. e4 dxe4 12. Nxe4 Nxe4 13. Qxe4 Nf6 14. Qe2 Re8 15.
Ne5 Bd7 16. f4 Rad8 17. f5 exf5 18. Bxf5 Bxf5 19. Rxf5 Nh7 20. Qf2 Re7 21. Rf1
Nf6 22. Qg3 Ne4 23. Qg4 Bxe5 24. Rxe5 Rxe5 25. dxe5 Qb6+ 0-1

[Event "IX Open Autunno"]
[Site "Robecchetto con Induno ITA"]
[Date "2012.10.18"]
[Round "3"]
[White "Torretta, Gilberto"]
[Black "Marchesotti, Giovanni"]
[WhiteElo "1675"]
[BlackElo "1555"]
[Result "0-1"]
[PlyCount "60"]
[EventDate "2012.10.04"]

1. e4 d6 2. d4 g6 3. Nc3 Bg7 4. Be3 Nf6 5. f3 O-O 6. Qd2 b6 7. O-O-O Ba6 8.
Nge2 Nc6 9. d5 Ne5 10. Nd4 Bxf1 11. Rdxf1 Qd7 12. b3 c5 13. Nde2 b5 14. h3 Qb7
15. f4 b4 16. Na4 Nxe4 17. Qd1 Nd7 18. Qd3 Nef6 19. g4 Qxd5 20. Qa6 Nb8 21. Qa5
Qb7 22. c4 Nc6 23. Qb5 Qxb5 24. cxb5 Na5 25. Ng3 Rab8 26. g5 Nd5 27. Bd2 c4 28.
bxc4 Nxc4 29. Be1 Rfc8 30. Kb1 Na3# 0-1

[Event "IX Open Autunno"]
[Site "Robecchetto con Induno ITA"]
[Date "2012.10.18"]
[Round "3"]
[White "Volpe, Antonio"]
[Black "Castiglioni, Fabrizio"]
[WhiteElo "1727"]
[BlackElo "1512"]
[Result "0-1"]
[PlyCount "116"]
[EventDate "2012.10.04"]

1. e4 c5 2. f4 d6 3. Nf3 Nf6 4. e5 dxe5 5. fxe5 Nd5 6. Bc4 Bg4 7. O-O e6 8. h3
Bh5 9. d3 Be7 10. Bb5+ Nd7 11. c4 Nb4 12. a3 Nc6 13. Qe1 O-O 14. Bxc6 bxc6 15.
Nc3 a6 16. Bf4 Rb8 17. Rb1 Re8 18. Qg3 Bg6 19. Ne4 Bxe4 20. dxe4 Nf8 21. Rfd1
Qb6 22. Bg5 Qb3 23. Bxe7 Qe3+ 24. Kh1 Rxe7 25. Qh4 Ng6 26. Qh5 h6 27. Qg4 Reb7
28. Re1 Qd3 29. h4 Rxb2 30. Rxb2 Rxb2 31. h5 Nf8 32. Nh4 Rb3 33. Rd1 Qg3 34.
Qxg3 Rxg3 35. Nf3 g6 36. Kh2 Rg4 37. hxg6 fxg6 38. Nd2 Rf4 39. Rb1 Nd7 40. Kg3
g5 41. Rb7 Nxe5 42. Ra7 Rf8 43. Rxa6 Rd8 44. Nf3 Rd3 45. Kf2 Nxc4 46. a4 Nd6
47. Rxc6 Nxe4+ 48. Ke2 Ra3 49. Ra6 Nc3+ 50. Kd2 Rxa4 51. Rxe6 Ne4+ 52. Kd3 Nf2+
53. Kc3 Kg7 54. Rc6 Rg4 55. Rc7+ Kf6 56. Rc6+ Kf5 57. Rxc5+ Kf4 58. Ne1 Ne4+
0-1

[Event "IX Open Autunno"]
[Site "Robecchetto con Induno ITA"]
[Date "2012.10.25"]
[Round "4"]
[White "Castiglioni, Fabrizio"]
[Black "Ragoso, Mario"]
[WhiteElo "1512"]
[BlackElo "1661"]
[Result "1-0"]
[PlyCount "63"]
[EventDate "2012.10.04"]

1. d4 Nf6 2. c4 g6 3. Nc3 Bg7 4. e4 d6 5. Nf3 O-O 6. Be2 e5 7. O-O Nc6 8. d5
Ne7 9. Re1 Nd7 10. Be3 f5 11. Ng5 Nc5 12. b4 Nxe4 13. Ncxe4 fxe4 14. Nxe4 Nf5
15. Bg5 Qe8 16. c5 h6 17. Bc1 Qf7 18. Bc4 Bd7 19. Rb1 Rad8 20. Rb3 Ba4 21. Qg4
Bxb3 22. axb3 Nd4 23. Re3 Qf5 24. Qg3 Qh5 25. Re1 Nc2 26. Be2 Qf5 27. Bg4 Nxe1
28. Bxf5 gxf5 29. Bxh6 Rf7 30. Nf6+ Kh8 31. Bxg7+ Rxg7 32. Qh4+ 1-0

[Event "IX Open Autunno"]
[Site "Robecchetto con Induno ITA"]
[Date "2012.10.25"]
[Round "4"]
[White "Colombo, Maurizio"]
[Black "Ongaro, Andrea"]
[WhiteElo "1694"]
[BlackElo "1579"]
[Result "1-0"]
[PlyCount "67"]
[EventDate "2012.10.04"]

1. d4 Nf6 2. c4 c5 3. d5 b5 4. cxb5 a6 5. f3 g6 6. e4 d6 7. Na3 Nbd7 8. Ne2
axb5 9. Nxb5 Qa5+ 10. Nec3 Bg7 11. Bd2 O-O 12. Be2 Ba6 13. O-O Rfb8 14. a4 Ne8
15. f4 Nc7 16. e5 dxe5 17. d6 Ne8 18. Nd5 Qd8 19. Nxe7+ Kf8 20. Nc6 Qb6 21.
Nxb8 Rxb8 22. Be3 e4 23. Rb1 Qc6 24. Bc4 Nb6 25. b3 Nf6 26. h3 Rd8 27. Qe2 Nbd5
28. Rbc1 Nh5 29. Bxd5 Qxd5 30. Qc4 Qxc4 31. Rxc4 Bxb5 32. axb5 Rxd6 33. Bxc5
Ke7 34. Rd1 1-0

[Event "IX Open Autunno"]
[Site "Robecchetto con Induno ITA"]
[Date "2012.10.25"]
[Round "4"]
[White "Giusti, Francesco"]
[Black "Ruggeri, Igor"]
[WhiteElo "1568"]
[BlackElo "1545"]
[Result "0-1"]
[PlyCount "78"]
[EventDate "2012.10.04"]

1. e4 c5 2. Nf3 d6 3. d4 cxd4 4. Qxd4 Nc6 5. Bb5 Bd7 6. Bxc6 Bxc6 7. O-O Nf6 8.
Nc3 g6 9. Nd5 Bg7 10. Nxf6+ Bxf6 11. Qd3 Bg7 12. a4 O-O 13. Re1 Qb6 14. Ra3 Qb4
15. c3 Qb6 16. b4 Rfc8 17. Be3 Qc7 18. Bd4 e5 19. Be3 Bd7 20. Qd2 f5 21. Qd5+
Kh8 22. Ng5 Be8 23. exf5 gxf5 24. g3 h6 25. Nh3 Bf7 26. Qd2 Kh7 27. Rd1 d5 28.
a5 Qc4 29. Bc5 Bh5 30. Qxd5 Qg4 31. Rd3 Qxh3 32. Re3 Rd8 33. Bd6 Rd7 34. c4 Bf7
35. Qc5 Rad8 36. Rad3 Bxc4 37. g4 Qxg4+ 38. Rg3 Qe2 39. Qxc4 e4 0-1

[Event "IX Open Autunno"]
[Site "Robecchetto con Induno ITA"]
[Date "2012.10.21"]
[Round "4"]
[White "Libutti, Michele"]
[Black "Macchiettini, Pierangelo"]
[WhiteElo "1727"]
[BlackElo "1712"]
[Result "0-1"]
[PlyCount "97"]
[EventDate "2012.10.04"]

1. d4 d5 2. c4 Nf6 3. cxd5 Nxd5 4. e4 Nf6 5. Nc3 e6 6. Nf3 c6 7. Bd3 Be7 8. O-O
Nbd7 9. Re1 Nb6 10. a4 O-O 11. a5 Nbd7 12. e5 Nd5 13. Nxd5 cxd5 14. Bd2 Nb8 15.
Qc2 g6 16. Rec1 Bd7 17. Qc7 Bc6 18. Qxd8 Bxd8 19. Bb4 Re8 20. Bd6 Bd7 21. b4 a6
22. Nd2 Nc6 23. Nb3 Be7 24. Bxe7 Rxe7 25. b5 axb5 26. Bxb5 Kf8 27. a6 Bc8 28.
axb7 Bxb7 29. Rxa8+ Bxa8 30. Bxc6 Bxc6 31. Rxc6 Rb7 32. Rc3 Ke7 33. f4 Rb4 34.
Kf2 Ra4 35. Kf3 h6 36. g4 Ra2 37. h4 Rh2 38. Kg3 Rh1 39. Rc7+ Kf8 40. Rc1 Rxc1
41. Nxc1 Ke7 42. Nd3 f6 43. exf6+ Kxf6 44. Ne5 Kg7 45. Nf3 Kf6 46. g5+ hxg5 47.
fxg5+ Kf5 48. Ne5 Ke4 49. Nc6 0-1